000 00630cam a2200193 a 4500
001 000008266
005 20200929161324.0
008 750815s1945 ag 000 1 spa
040 _aDO-SdBNP
_bspa
_cBNPHU
082 _aA863.44
_bG182j
100 1 _aGalvez, Manuel,
_d1882-1962.
_922398
245 1 4 _aLos caminos de la muerte :
_bNovela /
_cManuel Galvez.
260 _aBuenos Aires :
_bTor,
_c[1945].
300 _a192 p. ;
_c19 cm.
490 1 _aEscenas de la guerra del Paraguay.
_vno. I
650 4 _aNovela argentina
_93941
650 4 _aLiteratura argentina
_93860
830 0 _aEscenas de la guerra del Paraguay ;
_vno. I
_922399
999 _c8037
_d8037